Online
Catalog

Trabajo urbano peligroso de niños, niñas y adolescentes en República Dominicana : (Record no. 38055)

MARC details
000 -CABECERA
campo de control de longitud fija 00448nam a2200121 a 4500
001 - NÚMERO DE CONTROL
campo de control 000038565
005 - FECHA Y HORA DE LA ÚLTIMA TRANSACCIÓN
campo de control 20201002031311.0
008 - DATOS DE LONGITUD FIJA--INFORMACIÓN GENERAL
campo de control de longitud fija 130415s2003 cr 000 0 spa d
040 ## - FUENTE DE LA CATALOGACIÓN
Centro catalogador/agencia de origen DO-SdBNP
Lengua de catalogación spa
Centro/agencia transcriptor BNPHU
245 00 - MENCIÓN DE TÍTULO
Título Trabajo urbano peligroso de niños, niñas y adolescentes en República Dominicana :
Resto del título diagnóstico y análisis /.
260 ## - PUBLICACIÓN, DISTRIBUCIÓN, ETC.
Lugar de publicación, distribución, etc. San José, Costa Rica :
Nombre del editor, distribuidor, etc. Oficina Internacional del Trabajo (OIT),
Fecha de publicación, distribución, etc. 2003.
300 ## - DESCRIPCIÓN FÍSICA
Extensión 140 p. ;
Dimensiones 28 cm.
Holdings
Estado de retiro Estado de pérdida Restricciones de uso No para préstamo Código de colección Localización permanente Ubicación/localización actual Ubicación en estantería Fecha de adquisición Número de inventario Total de préstamos Signatura topográfica completa Código de barras Fecha visto por última vez Precio válido a partir de Tipo de ítem Koha
      Excluido de préstamo Monografías: Libros y Folletos General General En catalogación 15.04.2013 LF1   38565-10 25.06.2020 25.06.2020 No se presta

Powered by Koha